000 00591nam a2200169 i 4500
001 85473
003 ES-MaACL
005 20230906175241.0
007 t|
008 041128s1952 sp ||||1| spa d
100 1 _aJurado Prieto, Ruperto.
_967328
245 1 0 _aNotas informativas ilustradas, referentes a la Villa de Belmonte de la provincia de Cuenca /
_cpor Ruperto Jurado Prieto.
260 _aPalma de Mallorca :
_b[s.n.,
_c1952] (
_fIndependencia)
300 _a51 p., 2 lám. :
_bil. ;
_c21 cm.
651 4 _aBelmonte-
_xDescripción.
_9157643
852 _aES-MaACL
_j1942-F-7
_bR.32803
999 _c85473
_d85473